00829cam a2200205 4500003000900000005001700009008004000026040002800066080000600094082002600100100003500126245010500161260004000266300001900306650005900325650007300384650003600457710006500493710006500558DO-SdBNP20221101083336.0100412s2006 dr | |||| 000 0 spa  aBPMSU bspac BPMSU e  a  a323.4bD431h 20062221 aBaylos Grau, Antoniod1953-0 10aDerechos humanos de las personas migrantes ante el control migratorio :bguía de promotores/as h  aSanto Domingo : bPROMCM, c2006b  a70 p. ;c24 cm 4aDerechos humanos.zRepública Dominicana vGuía 2  4aDerechos de los inmigranteszRepública Dominicana v Guía x 2  aTrabajo social con inmigrantes.2 aMesa Nacional para las Migraciones (República Dominicana) 2 aRed Nacional de Organizaciones Civiles para las Migraciones